| Tag |
First Indicator |
Second Indicator |
Subfields |
| LEADER |
00000cam a2200000 a 4500 |
| 001 |
in00000092056 |
| 005 |
20151008064135.0 |
| 008 |
810630s1981 dcu r 00100 eng |
| 010 |
|
|
|a 81133437
|
| 020 |
|
|
|a 0939338009 (pbk.)
|
| 035 |
|
|
|a (OCoLC)07597506
|
| 035 |
|
|
|9 AAK3612AM
|
| 039 |
0 |
|
|a 2
|b 3
|c 3
|d 3
|e 3
|
| 040 |
|
|
|a DLC
|c DLC
|d TXA
|d UtOrBLW
|
| 049 |
|
|
|a TXAF
|c [800995]
|
| 050 |
0 |
0 |
|a JC585
|b .H847
|
| 082 |
0 |
|
|a 323.4/06
|2 19
|
| 245 |
0 |
0 |
|a Human rights directory, Latin America, Africa, Asia :
|b a directory of organizations in Latin America and the Caribbean, Africa, the Middle East, Asia, and the Pacific, concerned with issues of human rights and social justice /
|c edited by Laurie S. Wiseberg and Harry M. Scoble ; compiled by the staff of the Human Rights Internet ; project director, Hazel Sirett [and others].
|
| 264 |
|
1 |
|a Washington, D.C. :
|b HRI,
|c [1981]
|
| 264 |
|
4 |
|c ©1981
|
| 300 |
|
|
|a xxiii, 243 pages ;
|c 28 cm.
|
| 336 |
|
|
|a text
|b txt
|2 rdacontent
|
| 337 |
|
|
|a unmediated
|b n
|2 rdamedia
|
| 338 |
|
|
|a volume
|b nc
|2 rdacarrier
|
| 500 |
|
|
|a Includes indexes.
|
| 650 |
|
0 |
|a Civil rights
|x Directories.
|
| 650 |
|
0 |
|a Social justice
|x Directories.
|
| 700 |
1 |
|
|a Wiseberg, Laurie S.
|
| 700 |
1 |
|
|a Scoble, Harry M.
|
| 710 |
2 |
|
|a Human Rights Internet.
|
| 999 |
|
|
|a MARS
|
| 999 |
f |
f |
|s 380694a0-e7ee-368d-a42c-0869f35f692c
|i b5acde19-22fa-3a0f-9ce1-871b8e667812
|t 0
|
| 952 |
f |
f |
|p ric
|a Texas A&M University
|b Rellis Campus
|c Joint Library Facility
|d Remote Storage
|t 0
|e JC585 .H847
|h Library of Congress classification
|i unmediated -- volume
|m A14806062120
|
| 998 |
f |
f |
|a JC585 .H847
|t 0
|l Remote Storage
|